000 00619nam a2200265Ia 4500
005 20260306164005.0
008 008 260114s9999 xx 000 0 eng d
020 _a9781526115188
037 _aEBOOK
040 _aCRL
040 _beng
040 _cCRL
041 _2eng
041 _aeng
084 _qCRL
100 _aCahillane
_91129771
245 0 _aDrafting The Irish Free State Constitution
260 _bManchester University Press
260 _c2017
650 _aLaw
856 _uhttps://academic.oup.com/book/35745
942 _cEBOOK
999 _c1712307
_d1712307